000
00327nam a22001457a 4500
003
SGT
020
_a
9789350354506
082
_a
350.954
_b
A14J
100
_a
JAITELY, ARUN
245
_a
ARTICLES & SPEECHES
260
_b
UNIVERSAL LAW PUBLISHING COMPANY
_c
2014
300
_a
406
650
_a
SOCIAL SCIENCE
942
_2
ddc
_c
BK
999
_c
27752
_d
27752